Normal view
MARC view
Entry Topical Term
001 - CONTROL NUMBER
- control field: 37540
003 - CONTROL NUMBER IDENTIFIER
- control field: OSt
005 - DATE AND TIME OF LATEST TRANSACTION
- control field: 20160209173913.0
008 - FIXED-LENGTH DATA ELEMENTS
- fixed length control field: 160209|| aca||aabn | a|a d
040 ## - CATALOGING SOURCE
- Original cataloging agency: OSt
- Transcribing agency: OSt
150 ## - HEADING--TOPICAL TERM
- Topical term or geographic name entry element: Religion
670 ## - SOURCE DATA FOUND
- Source citation: Work cat.: (OSt)27670: शास्त्री पं. देवदत्त 37539, कामसूत्र का समाजशास्त्रीय अघ्ययन , 1982









